Vyhodnotenie kinetických parametrov rastu kmeňov Saccharomyces cerevisiae
Gespeichert in:
| 1. Verfasser: | |
|---|---|
| Weitere Verfasser: | |
| Format: | Manuskript Buch |
| Sprache: | Slowakisch |
| Veröffentlicht: |
2017
|
| Schlagworte: | |
| Online-Zugang: | http://is.stuba.sk/zp/portal_zp.pl?podrobnosti=128480 |
| Tags: |
Keine Tags, Fügen Sie das erste Tag hinzu!
|
MARC
| LEADER | 00000ntm a22000003a 4500 | ||
|---|---|---|---|
| 001 | stuzp64999 | ||
| 003 | SK-STU | ||
| 005 | 20170610211430.1 | ||
| 007 | ta | ||
| 008 | 150427s2015----xo-----f-mn---000-0-slo-d | ||
| 040 | |a STU |b slo | ||
| 041 | 0 | |a slo | |
| 100 | 1 | |a Škultéty, Milan |u 046000 |4 aut |U FCHPT Fakulta chemickej a potravinárskej technológie |T FCHPT Ústav chemického a environmentálneho inžinierstva |X 42899 |U C6000 |Y 104 |7 42899 | |
| 242 | 0 | 1 | |a Evaluation of growth parameters for Saccharomyces cerevisiae strains |y eng |
| 245 | 1 | 0 | |a Vyhodnotenie kinetických parametrov rastu kmeňov Saccharomyces cerevisiae |
| 260 | |c 2017 | ||
| 650 | 4 | |a Saccharomyces cerevisiae |2 slo | |
| 650 | 4 | |a mikrobiálna kinetika |2 slo | |
| 650 | 4 | |a kinetické parametre |2 slo | |
| 650 | 4 | |a optimalizácia |2 slo | |
| 650 | 4 | |a Saccharomyces cerevisiae |2 eng | |
| 650 | 4 | |a microbial kinetics |2 eng | |
| 650 | 4 | |a kinetic parameters |2 eng | |
| 650 | 4 | |a optimization |2 eng | |
| 700 | 1 | |a Timár, Pavel |u 046230 |k Z1 |4 ths |U FCHPT Ústav chemického a environmentálneho inžinierstva |T FCHPT Oddelenie chemického a biochemického inžinierstva |X 1772 |U C6230 |Y 119 |7 A000001772 | |
| 856 | 4 | |u http://is.stuba.sk/zp/portal_zp.pl?podrobnosti=128480 | |